NFL: Top 25 Active Players: Passes Defended - Statistics

General Stats
  • This quiz has been taken 65 times
    14 since last reset
  • The average score is 9 of 25
Answer Stats
# Player PD % Correct
2 Jalen Ramsey 116
83%
3 Harrison Smith 106
75%
7 Carlton Davis 94
58%
1 Darius Slay 163
58%
T17 Michael Davis 70
58%
13 Bobby Wagner 76
50%
T11 Darious Williams 77
42%
T17 Jaire Alexander 70
42%
T17 Jessie Bates III 70
42%
T11 Charvarius Ward 77
33%
T4 Denzel Ward 105
33%
10 Kevin Byard 81
33%
T14 Lavonte David 73
33%
T4 Marlon Humphrey 105
33%
6 Marshon Lattimore 98
33%
9 Tre'Davious White 83
33%
16 Adoree' Jackson 72
25%
25 Donte Jackson 66
25%
8 Rasul Douglas 92
25%
T23 Cameron Jordan 67
17%
T14 Chidobe Awuzie 73
8%
T21 Kenny Moore II 68
8%
T21 Byron Murphy 68
0%
T23 Jason Pierre-Paul 67
0%
T17 Shaquill Griffin 70
0%
No matching quizzes found
Score Distribution
Percent of People with Each Score
Percentile by Number Answered
Your Score History
You have not taken this quiz since the last reset